00578nam a2200181 i 4500001000300000100002800003245007200031260002100103700002400124040000800148041000800156080000800164942000700172008004100179999001700220856009800237952006100335bg1 aDOBROCZYŃSKI, Michał 0aPolityka zagraniczna /cMichał Dobroczyński, Janusz Stefanowicz. aWarszawa,c1984.1 aSTEFANOWICZ, Janusz cBPK apol a327 cKS s pl f |000 0 pol  c22823d22823 uhttp://koha.tu.koszalin.pl/cgi-bin/koha/opac-detail.pl?biblionumber=22823yKatalog online BPK 00104070aBPKbBPKcwo32085p01561562s2014-10-11yKS